| 000 | 02198nam a2200265 a 4500 | ||
|---|---|---|---|
| 001 | 000022341 | ||
| 003 | OSt | ||
| 005 | 20250621074006.0 | ||
| 008 | 100930s1998 dr ac 000 0 spa d | ||
| 040 |
_aDO-SdBNP _bspa _cBNPHU |
||
| 082 |
_a324.22 _bE56t |
||
| 100 | 1 |
_aEncarnación Jiménez, Pedro, _d1959- _92557 |
|
| 245 | 1 | 3 |
_aLa transición del liderazgo político dominicano : _bcrisis de liderazgo, opciones y frustraciones / _cPedro Encarnación Jiménez. |
| 260 |
_aSanto Domingo : _bEditora de Colores, _c1998. |
||
| 300 |
_a159 p. : _bil., retrs. ; _c22 cm. |
||
| 500 | _aIncluye datos biográficos del autor en la contracubierta | ||
| 500 | _aIncluye referencias bibliográficas y notas al pie de las páginas | ||
| 504 | _aBibliografía : p. 157-159 | ||
| 505 | 0 |
_aCrisis de liderazgo e invasión haitiana -- _tCaudillismo y anexionismo en la Formación del Estado Dominicano -- _tLa formación del liderazgo político durante, La Primera República -- _tSantana Vs. Báez y el liderazfo conservador -- _tDuarte y el liderazgo liberal -- _tLuperón contra Báez y el nuevo liderazgo restaurador -- _tUlises Heureaux: la negación de los principios -- _tLiberales de los líderes azules -- _tHoracio Vásquez contra Juan I. Jimenes -- _tCrisis institucional e intervención imperialista -- _tVacío de liderazgo y dominación extranjera -- _tEl liderazgo caudillista y absorbente de Trujillo -- _tBalaguer contra Bosch: el liderazgo intelectual e institucional -- _tBalaguer y el liderazgo pragmático-conservador -- _tBosch y el liderazgo teórico-liberal -- _tLa formación de liderazgo emergente en Santo Domingo -- _tPeña Gómez contra Leonel Fernández: Social democracia Vs. Neoliberalismo -- _tAusencia de liderazgo en Santo Domingo -- _tHacia la transición de un liderasgo colegiado -- _tEl revelo de Juan Bosch en el PLD -- _tLa sucesión política de Balaguer en el PRSC -- _tDiscurso del Padre Meriño ante la Asamblea Nacional con motivo de la juramentación del Presidente Báez. |
|
| 590 | _aInventariado, 2018/BT | ||
| 650 | 4 |
_aLiderazgo político _9678 |
|
| 651 | 0 |
_aRepública Dominicana _xPolítica y gobierno _945 |
|
| 910 | _aValidado. Control de calidad. MFF | ||
| 942 |
_2ddc _cLBS1 |
||
| 999 |
_c21839 _d21839 |
||